[Event "Idaho Open"]
[Site "Boise, ID"]
[Date "2016.06.19"]
[Round "4.2"]
[White "Fucsko, Janos"]
[Black "Morrow, Hans M"]
[Result "0-1"]
[WhiteElo "1753"]
[BlackElo "1927"]
[EventRounds "5"]
[EventCountry "USA"]

1. Nf3 d5 2. e4 dxe4 3. Ng5 Nf6 4. Nc3 h6 5. Ngxe4 Nxe4 6. Nxe4 e5 7. Bc4 Bd6
8. Qf3 Qe7 9. c3 Nc6 10. a3 Be6 11. Bb5 Bd7 12. d3 O-O 13. Bc4 Be6 14. Qg3 Kh7
15. Bxe6 Qxe6 16. Qh4 Be7 17. Qh5 f5 18. Ng3 f4 19. Ne4 Rad8 20. Qf3 g5 21. h3
Na5 22. Nd2 Kg7 23. b4 Nb3 24. Rb1 Nxd2 25. Bxd2 c6 26. c4 Rd7 27. Bc3 Qf5 28.
Ke2 Bf6 29. Rhd1 Re8 30. Qe4 Qe6 31. Rb2 h5 32. f3 Kh6 33. Rbd2 a6 34. Kf2 b5
35. Bb2 Rd6 36. c5 Rd5 37. Re1 g4 38. hxg4 Bh4+ 39. g3 Bxg3+ 40. Kf1 Bxe1 41.
Kxe1 Qg6 42. Qxg6+ Kxg6 43. gxh5+ Kxh5 44. Ke2 Kh4 45. Rd1 a5 46. Rh1+ Kg3 47.
Rh6 axb4 48. Rg6+ Kh4 49. axb4 Ra8 50. Kd2 Ra2 51. Kc3 Rxb2 52. Kxb2 Rxd3 53.
Rxc6 Rd4 54. Kb3 Kg3 55. Rd6 Rc4 56. Rd5 e4 57. fxe4 f3 58. Rf5 {The rest of
the game was not recorded due to time trouble.--Jeffrey Roland.} {#R} 0-1